<?xml version="1.0" encoding="UTF-8"?>
<resp>
  <nextPage>https://data.bn.org.pl/api/networks/bibs.marcxml?marc=001+b00001150002213&amp;sinceId=1150002214</nextPage>
  <collection>
    <record xmlns='http://www.loc.gov/MARC21/slim'><leader>01118namZa2200373ZiZ4500</leader><controlfield tag='001'>b00001150002213</controlfield><controlfield tag='005'>20260401103508.2</controlfield><controlfield tag='008'>230609s        pl           |000 0 pol c</controlfield><controlfield tag='009'>9913262195005606</controlfield><datafield ind1=' ' ind2=' ' tag='020'><subfield code='a'>8386268794</subfield><subfield code='z'>8386268743</subfield></datafield><datafield ind1=' ' ind2=' ' tag='035'><subfield code='a'>KR_1KR_1_20120318002403011767-48omnis_kr</subfield></datafield><datafield ind1=' ' ind2=' ' tag='035'><subfield code='a'>KR_1_20120318002403011767</subfield><subfield code='9'>ExL</subfield></datafield><datafield ind1=' ' ind2=' ' tag='035'><subfield code='a'>(PL)b00001150002213</subfield></datafield><datafield ind1=' ' ind2=' ' tag='040'><subfield code='a'>KR_1</subfield><subfield code='c'>KR_1</subfield></datafield><datafield ind1='0' ind2=' ' tag='041'><subfield code='a'>pol</subfield></datafield><datafield ind1='1' ind2=' ' tag='100'><subfield code='a'>Bielecka, Jolanta</subfield></datafield><datafield ind1='1' ind2='0' tag='245'><subfield code='a'>Owady w terrarium /</subfield><subfield code='c'>Jolanta Bielecka, Andrzej Budziszewski.</subfield></datafield><datafield ind1='1' ind2='3' tag='246'><subfield code='a'>Owady</subfield></datafield><datafield ind1=' ' ind2=' ' tag='260'><subfield code='a'>Warszawa :</subfield><subfield code='b'>&quot;Egros&quot;,</subfield><subfield code='c'>[2008].</subfield></datafield><datafield ind1=' ' ind2=' ' tag='300'><subfield code='a'>69, [1] s., [8] s. tabl. kolor. :</subfield><subfield code='b'>il. ;</subfield><subfield code='c'>21 cm.</subfield></datafield><datafield ind1='1' ind2=' ' tag='490'><subfield code='a'>Hobby</subfield></datafield><datafield ind1=' ' ind2=' ' tag='500'><subfield code='a'>dd</subfield></datafield><datafield ind1=' ' ind2=' ' tag='504'><subfield code='a'>Bibliogr.</subfield></datafield><datafield ind1=' ' ind2='9' tag='650'><subfield code='a'>Terrarium</subfield></datafield><datafield ind1=' ' ind2='7' tag='650'><subfield code='a'>Hodowla zwierząt</subfield><subfield code='2'>DBN</subfield></datafield><datafield ind1=' ' ind2='7' tag='650'><subfield code='a'>Owady</subfield><subfield code='2'>DBN</subfield></datafield><datafield ind1=' ' ind2=' ' tag='658'><subfield code='a'>Opieka nad zwierzętami i weterynaria</subfield></datafield><datafield ind1='1' ind2=' ' tag='700'><subfield code='a'>Budziszewski, Andrzej</subfield></datafield><datafield ind1=' ' ind2=' ' tag='852'><subfield code='b'>48OMNIS_NETWORK</subfield><subfield code='8'>9913262195005606</subfield></datafield><datafield ind1=' ' ind2=' ' tag='920'><subfield code='a'>83-86268-79-4</subfield></datafield></record>
  </collection>
</resp>
